000 00695nab#a2200241#c#4500
999 _c19040
_d19040
003 IEF
005 20191205184218.0
008 950704s1975 uuu|| #####0 b| |u
040 _aIEF
_cES-MaIEF
100 1 _aGonzález García, Ángel Luis
_918961
245 _aEl gasto público español en enseñanza
_c Ángel Luis González García
260 _c1975
500 _aConclusiones
650 4 _aSERVICIOS PUBLICOS
_948391
650 4 _aGASTO PUBLICO
_944787
650 4 _aESPAÑA
_941092
650 4 _aENSEÑANZA
_943676
650 4 _aPOLITICA DE GASTO PUBLICO
_948053
773 0 _tHacienda pública española
_w34570
_g36, p. 121-128
942 _2udc
942 _2udc